ბათუმის შოთა რუსთაველის სახელმწიფო უნივერსიტეტის ბიბლიოთეკა

Semantics. The study of Meaning (ბიბ.ჩანაწერი № 45724)

000 -LEADER
fixed length control field 00514nam a2200229Ia 4500
001 - CONTROL NUMBER
control field 12551
003 - CONTROL NUMBER IDENTIFIER
control field GE_BSU
008 - FIXED-LENGTH DATA ELEMENTS--GENERAL INFORMATION
fixed length control field 181216s||||||||xx |||||||||||||| ||und||
040 ## - CATALOGING SOURCE
Transcribing agency GE_BSU
080 ## - UNIVERSAL DECIMAL CLASSIFICATION NUMBER
Universal Decimal Classification number 811.111'366
100 ## - MAIN ENTRY--PERSONAL NAME
Personal name Leech,Geoffrey
245 ## - TITLE STATEMENT
Title Semantics. The study of Meaning
250 ## - EDITION STATEMENT
Edition statement Seqond Edition
260 ## - PUBLICATION, DISTRIBUTION, ETC.
Place of publication, distribution, etc. London
260 ## - PUBLICATION, DISTRIBUTION, ETC.
Name of publisher, distributor, etc. Penguin Books
260 ## - PUBLICATION, DISTRIBUTION, ETC.
Date of publication, distribution, etc. 1981
300 ## - PHYSICAL DESCRIPTION
Extent 383p.20cm.
653 ## - INDEX TERM--UNCONTROLLED
Uncontrolled term Semantics.
653 ## - INDEX TERM--UNCONTROLLED
Uncontrolled term The study of Meaning
942 ## - ADDED ENTRY ELEMENTS (KOHA)
Koha item type წიგნი
ეგზემპლარები
Withdrawn status Lost status Damaged status Not for loan Date acquired Barcode Date last seen Price effective from Koha item type
        2018-12-17 36218 2018-12-17 2018-12-17 წიგნი